| 000 | 00792nas a2200265 4500 | ||
|---|---|---|---|
| 001 | BR9700088 | ||
| 003 | BR-BrBNA | ||
| 005 | 20231205095940.0 | ||
| 007 | ta | ||
| 008 | 230509b bl.|||p| |||| 00| 00por d | ||
| 040 |
_aBR-BrBNA _bpor _cBiblioteca Nacional de Agricultura |
||
| 041 | _a(Pt) | ||
| 072 | _aP35 | ||
| 100 | 1 | _aPandolfo, C.M. | |
| 100 | 1 | _aTedesco, M.J. | |
| 245 | 1 | _aEficiencia relativa de fracoes granulometricas de calcario na correcao da acidez do solo | |
| 650 | _aCorretivo | ||
| 650 | _aGranulometria | ||
| 650 | _aAcidez do Solo | ||
| 650 | _aCalagem | ||
| 650 | _aPH | ||
| 773 | 0 |
_tPesquisa Agropecuaria Brasileira (Brazil) _xISSN 0100-204X _g(Oct 1996), v. 31(10) p. 753-758 _wBR9700088 |
|
| 909 |
_a202311 _bLúcia _c55 _dLúcia Elande |
||
| 942 |
_2AGRIS _n0 _cANA |
||
| 999 |
_c153613 _d153613 |
||